| Tag |
First Indicator |
Second Indicator |
Subfields |
| LEADER |
00000cam a2200000 a 4500 |
| 001 |
in00000009393 |
| 005 |
20180223092651.0 |
| 008 |
871002s1987 dcu b 00010 eng d |
| 010 |
|
|
|a 87072297
|
| 020 |
|
|
|a 0815730497
|
| 035 |
|
|
|a (OCoLC)16799547
|
| 035 |
|
|
|9 AAA3478AM
|
| 037 |
|
|
|b Brookings Institution, 1775 Massachusetts Ave., N.W., Washington, D.C. 20036
|
| 040 |
|
|
|a LUM
|c LUM
|d TXA
|d UtOrBLW
|
| 043 |
|
|
|a n-us---
|a e-ur---
|
| 049 |
|
|
|a TXAM
|c [A10908582]
|
| 050 |
|
4 |
|a JX1974.7
|b .G37 1987
|
| 100 |
1 |
|
|a Garthoff, Raymond L.
|
| 245 |
1 |
0 |
|a Policy versus the law :
|b the reinterpretation of the ABM Treaty /
|c Raymond L. Garthoff.
|
| 264 |
|
1 |
|a Washington, D.C. :
|b Brookings Institution,
|c 1987.
|
| 300 |
|
|
|a x, 117 pages ;
|c 23 cm.
|
| 336 |
|
|
|a text
|b txt
|2 rdacontent
|
| 337 |
|
|
|a unmediated
|b n
|2 rdamedia
|
| 338 |
|
|
|a volume
|b nc
|2 rdacarrier
|
| 504 |
|
|
|a Includes bibliographical references.
|
| 650 |
|
0 |
|a Nuclear arms control
|z United States.
|
| 650 |
|
0 |
|a Nuclear arms control
|z Soviet Union.
|
| 630 |
0 |
0 |
|a Treaty between the United States of America and the Union of Soviet Socialist Republics on the Limitation of Antiballistic Missile Systems
|d (1972 May 26)
|
| 999 |
|
|
|a MARS
|
| 999 |
f |
f |
|s 9aa62c31-9ab3-30d5-b651-f24576a44550
|i 8a448421-dccf-3fcf-8beb-fa60b2160dad
|t 0
|
| 952 |
f |
f |
|p ric
|a Texas A&M University
|b Rellis Campus
|c Joint Library Facility
|d Remote Storage
|t 0
|e JX1974.7 .G37 1987
|h Library of Congress classification
|i unmediated -- volume
|m A14810908582
|
| 998 |
f |
f |
|a JX1974.7 .G37 1987
|t 0
|l Remote Storage
|